La Ayuda externa no ayuda a la integración centroamericana /

Spremljeno u:
Bibliografski detalji
Glavni autor: Jonas Bodenheimer, Susanne
Format: Tekst
Oznake: Dodaj oznaku
Bez oznaka, Budi prvi tko označuje ovaj zapis!

MARC

LEADER 00000 a a2200000 04500
001 7958
003
040
100 |a Jonas Bodenheimer, Susanne  
245 |a La Ayuda externa no ayuda a la integración centroamericana /  |c Susanne Jonas Bodenheimer 
773 |g número 7; páginas 35-74  
999 |c 27702  |d 27702